000 01057nam a22003257a 4500
001 0007960
003 KOHA_MİRAKIL
005 20260207001616.0
007 ta
008 091006b1977 tu |||gr||||#||||0|tur |
020 _c0,01
040 _aTR-BiSEU
_btur
_cTR-BiSEU
_erda
041 0 _atur
044 _ctu
050 _aHD4603
_b.B56 1977
100 1 _aBinatlı, Cüneyt.
245 1 _aBelediye hizmetleri finansmanı/
_cCüneyt Binatlı ; Cüneyt Binatlı.
264 1 _aEskişehir :
_bEskişehir İktisadi ve Ticari İlimler Akademisi
_c1977
300 _aXIV, 137 sayfa; 25 cm.
336 _ametin
_btxt
_2rdacontent
337 _aaracısız
_bn
_2rdamedia
338 _acilt
_bnc
_2rdacarrier
490 1 _aEskişehir İktisadi ve Ticari İlimler Akademisi yayınları ;
_vno.
490 1 _a186/117.
500 _aKaynakça var.
650 0 _aBelediye hizmetleri--Finans--Türkiye.
_919724
830 1 _aEskişehir İktisadi ve Ticari İlimler Akademisi yayınları ;
_vno.
_918521
830 1 _a186/117.
_919725
942 _2lcc
_cBK
999 _c7935
_d7935